Los lubricantes y sus aplicaciones
Збережено в:
| Автор: | |
|---|---|
| Формат: | Книга |
| Мова: | Іспанська |
| Опубліковано: |
Madrid
Interciencia
1972
|
| Предмети: | |
| Теги: |
Додати тег
Немає тегів, Будьте першим, хто поставить тег для цього запису!
|
MARC
| LEADER | 00000nam a2200000 a 4500 | ||
|---|---|---|---|
| 001 | UCP2218 | ||
| 003 | CL-VaPUC | ||
| 008 | 990507e19720000SP |||||||||||||||||spa|d | ||
| 082 | 0 | 4 | |a 621.89 |b MUN |2 21 |
| 100 | |a Mundi Crespo, Eloy |e autor |9 428759 | ||
| 245 | 1 | 4 | |a Los lubricantes y sus aplicaciones |
| 300 | |a 688 p | ||
| 942 | |c BK | ||
| 945 | |d 19990507 00:00:00 |a cmena | ||
| 260 | |a Madrid |b Interciencia |c 1972 | ||
| 650 | 7 | |a LUBRICANTES |2 CL-VaPUC |9 357608 | |
| 650 | 7 | |a LUBRICACION |2 CL-VaPUC |9 364114 | |
| 650 | 0 | |a Motores |9 334293 | |
| 650 | 0 | |a Aceites lubricantes |9 361175 | |
| 650 | 7 | |a PRODUCTOS DEL PETROLEO |2 CL-VaPUC |9 428760 | |
| 650 | 0 | |a Viscosidad |9 260583 | |
| 650 | 0 | |a Grasas lubricantes |9 364116 | |
| 650 | 0 | |a Ingeniería mecánica |9 262089 | |
| 583 | |a last modification |c 19990507 00:00:00 |k Rodrigo Vera | ||
| 999 | |c 280779 |d 280777 | ||
| 952 | |0 0 |1 0 |4 0 |6 621_890000000000000_MUN_1972 |7 0 |8 A |9 321279 |a BIBMEC |b BIBMEC |d 2019-11-20 |i 1499149 |o 621.89 MUN 1972 |p 1499149 |r 2024-01-19 |w 2019-11-20 |y BK |k MEC | ||